000
00317nam a2200145Ia 4500
100
_a
Arustamov/Kh.A
650
_a
Chemistry
942
_c
BK
654
_a
Descriptive Geometry
245
_a
Problems in Descriptive Geometry
260
_b
Mir Publishers
082
_a
516.3
300
_a
405
546
_a
ENGLISH
999
_c
29046
_d
29046